00545nam a2200157 a 450000500170000000800410001702000180005805000270007610000200010324500670012326000390019030000100022965000120023999900190025195201170027020140412111236.0010327s19uu xx 00 eng d a0-590-35602-X aTR(GS 372.4bW158 1990 aWalling, Elaine aRead and think E :bwho will be the cat? /cby Elaine Walling. aNew York :bScholastic Inc,c1990. a32 p. aReading c102466d102466 001040aELbELcTRd2001-03-27eLib. Fundl0oTR(GS 372.4 W158 1990pE1805r2014-04-12 00:00:00w2014-04-12yBK